| 000 | 00609njm a2200181 i 4500 | ||
|---|---|---|---|
| 001 | C2-0218224 | ||
| 003 | PPAK | ||
| 005 | 20180729152111.0 | ||
| 008 | 990722s1990 my |||| ||||| | may d | ||
| 040 |
_aPPAK _beng _cPPAK _erda |
||
| 245 | 0 | 0 | _aAnugerah tokoh budaya 1989 |
| 264 | 1 |
_aAlor Setar, Kedah : _bPerbadanan Perpustakaan Awam Kedah , _c1990 |
|
| 336 |
_2rdacontent _atext |
||
| 337 |
_2rdamedia _aunmediated |
||
| 338 |
_2rdacarrier _avolume |
||
| 500 | _aDirakam 21/2/1990 ; Rakaman ucapan oleh Dato' Hj. Hanafi bin Ramli dan Dato' Seri hj. Osman bin Hj. Arof ; Tiada transkripsi | ||
| 942 |
_ddc _cB |
||
| 999 |
_c163135 _d163135 |
||